Le Confessioni

保存先:
書誌詳細
第一著者: Rousseau
フォーマット: 図書
言語:言語不明
出版事項: Bit
タグ: タグ追加
タグなし, このレコードへの初めてのタグを付けませんか!

MARC

LEADER 00000nam a2200000Ia 4500
001 R-1404
003 CODICE-MESSINA
005 20260212102507.0
008 260211s9999 xx 000 0 und d
040 |c importazione_messina 
100 |a Rousseau 
245 0 |a Le Confessioni 
260 |b Bit 
942 |2 ddc  |c BK 
952 |0 0  |1 0  |2 ddc  |4 0  |6 SCAFFALE_13_000000000000000__LETTERATURA  |7 0  |9 32240  |a ME  |b ME  |d 2026-02-11  |l 0  |o SCAFFALE 13 - LETTERATURA  |p R-1404  |r 2026-02-11 23:53:03  |w 2026-02-11  |x [REVISIONARE]  |y BK 
999 |c 27907  |d 27907